[Event "Steinfurt Bezirksklasse 1617"]
[Site "Germany"]
[Date "2017.04.08"]
[Round "8.3"]
[White "Altenaehr, Johannes"]
[Black "Strotmann, Horst"]
[Result "1/2-1/2"]
[WhiteElo "1370"]
[BlackElo "1448"]
[PlyCount "41"]
[EventDate "2016.09.17"]
[EventType "team"]
[EventRounds "10"]
[EventCountry "GER"]
[SourceTitle "EXT 2018"]
[Source "ChessBase"]
[SourceDate "2017.10.13"]
[SourceVersion "1"]
[SourceVersionDate "2017.10.13"]
[SourceQuality "1"]
[WhiteTeam "Rheine CC"]
[BlackTeam "Rheine Klein Berlin III"]
[WhiteTeamCountry "GER"]
[BlackTeamCountry "GER"]

1. g3 d5 2. Bg2 Nf6 3. Nf3 e6 4. d4 c5 5. 0-0 Nc6 6. Nbd2 cxd4 7. Nb3 e5 8. Bg5 Be7 9. e3 Bg4 10. Qd2 dxe3 11. Qxe3 h6 12. Bxf6 Bxf6 13. c3 0-0 14. h3 Be6 15. Rad1 e4 16. Nfd4 Re8 17. Nxe6 fxe6 18. Bxe4 Qb6 19. Qxb6 axb6 20. Bb1 Na5 21. Nxa5 1/2-1/2

[Event "Steinfurt Bezirksliga 0607"]
[Site "Germany"]
[Date "2007.02.03"]
[Round "6.3"]
[White "Altenaehr, Johannes"]
[Black "Keller, Hansjuergen"]
[Result "1/2-1/2"]
[WhiteElo "1489"]
[BlackElo "1610"]
[PlyCount "72"]
[EventDate "2006.09.09"]
[EventType "team-tourn"]
[EventRounds "9"]
[EventCountry "GER"]
[SourceTitle "EXT 2008"]
[Source "ChessBase"]
[SourceDate "2007.11.25"]
[SourceVersion "1"]
[SourceVersionDate "2007.11.25"]
[SourceQuality "1"]
[WhiteTeam "Rheine CC"]
[BlackTeam "Nordwalde II"]
[WhiteTeamCountry "GER"]
[BlackTeamCountry "GER"]

1. Nf3 Nf6 2. d4 g6 3. Nbd2 d5 4. e3 Bg7 5. Bd3 0-0 6. 0-0 Nbd7 7. Re1 c5 8. c3 b6 9. e4 dxe4 10. Nxe4 Bb7 11. Nxf6+ Nxf6 12. dxc5 bxc5 13. Qe2 e6 14. Bg5 Qb6 15. Ne5 Qc7 16. Nf3 a5 17. Qe5 Qe7 18. Be4 Bxe4 19. Bxf6 Bxf6 20. Qxe4 Rfb8 21. Re2 a4 22. Ne5 Qc7 23. Nc4 Rd8 24. Rd2 Rab8 25. Rad1 Rxd2 26. Rxd2 Rd8 27. Qc2 Ra8 28. Qd1 Qf4 29. Ne3 h5 30. g3 Qe4 31. Qc2 Qc6 32. Qd1 a3 33. Qb3 axb2 34. Rxb2 Rd8 35. Qc2 Bg5 36. f4 Bf6 1/2-1/2